| 000 | 00657nam a22002177a 4500 | ||
|---|---|---|---|
| 003 | BUBTL | ||
| 008 | 221120b ||||| |||| 00| 0 eng d | ||
| 020 | _a0521008212 | ||
| 082 | _a822.33/ Sh152a/ 2002 | ||
| 100 |
_91990 _aShakespeare |
||
| 245 |
_aAs You Like It/ _cShakespeare |
||
| 250 | _a1st Edn. | ||
| 260 |
_aUK: _bCambridge University Press, _cc2002 |
||
| 300 |
_a128, p.: _c21 cm |
||
| 440 |
_94952 _aCambridge Student Guide |
||
| 505 | _aAs You Like It, Shakespeare, Cambridge Student Guide | ||
| 650 | 0 |
_91994 _aEnglish Literature |
|
| 856 |
_k0 _l0 _yDownload |
||
| 942 |
_2ddc _cBK |
||
| 999 |
_c6825 _d6825 |
||